Seismic vulnerability of structures / (Record no. 541444)
[ view plain ]
| 000 -LEADER | |
|---|---|
| fixed length control field | 00652cam a2200181Ma 4500 |
| 020 ## - INTERNATIONAL STANDARD BOOK NUMBER | |
| International Standard Book Number | 184821524X (hardback) |
| 020 ## - INTERNATIONAL STANDARD BOOK NUMBER | |
| International Standard Book Number | 9781848215245 (hardback) |
| 082 04 - DEWEY DECIMAL CLASSIFICATION NUMBER | |
| Classification number | 624.1762 |
| Author Mark | SEI |
| -- | M-38 ,P-106 |
| 245 00 - TITLE STATEMENT | |
| Title | Seismic vulnerability of structures / |
| Statement of responsibility, etc. | edited by Philippe Guéguen. |
| 260 ## - PUBLICATION, DISTRIBUTION, ETC. | |
| Place of publication, distribution, etc. | London : |
| Name of publisher, distributor, etc. | ISTE ; |
| Place of publication, distribution, etc. | Hoboken, NJ : |
| Name of publisher, distributor, etc. | Wiley, |
| Date of publication, distribution, etc. | 2013. |
| 300 ## - PHYSICAL DESCRIPTION | |
| Extent | xxiv, 344 p. : |
| Other physical details | ill., maps ; |
| Dimensions | 24 cm. |
| 490 1# - SERIES STATEMENT | |
| Series statement | Civil engineering and geomechanics series |
| 526 ## - STUDY PROGRAM INFORMATION NOTE | |
| Program name | 0 |
| Interest level | 0 |
| Reading level | 0 |
| Title point value | 624_176200000000000_SEI |
| 650 #0 - SUBJECT ADDED ENTRY--TOPICAL TERM | |
| Topical term or geographic name entry element | Buildings |
| General subdivision | Earthquake effects. |
| Topical term following geographic name entry element | MCE |
| 9 (RLIN) | 36319 |
| 650 #0 - SUBJECT ADDED ENTRY--TOPICAL TERM | |
| Topical term or geographic name entry element | Earthquake engineering. |
| 700 1# - ADDED ENTRY--PERSONAL NAME | |
| Personal name | Guéguen, Philippe. |
| 9 (RLIN) | 36320 |
| 942 ## - ADDED ENTRY ELEMENTS (KOHA) | |
| Source of classification or shelving scheme | |
| Koha item type | Book |
| Withdrawn status | Lost status | Source of classification or shelving scheme | Damaged status | Not for loan | Permanent Location | Current Location | Date acquired | Total Checkouts | Full call number | Barcode | Date last seen | Date last checked out | Copy number | Price effective from | Koha item type |
|---|---|---|---|---|---|---|---|---|---|---|---|---|---|---|---|
| Military College of Engineering (MCE) | Military College of Engineering (MCE) | 07/24/2013 | 2 | 624.1762 SEI | MCE-47943 | 09/07/2018 | 11/07/2017 | 01 | 07/24/2013 | Book |
